Wahrzeichen des Ruhrgebiets - Statistiken

Allgemein
  • Dieses Quiz wurde 246 mal gespielt
  • Das Durchschnittsergebnis liegt bei 10 aus 20
Antwortstatistiken
Bildquiz Hint Antwort % Korrekt
Dortmund Westfalenstadion
87%
Essen Zeche Zollverein
85%
Oberhausen Gasometer Oberhausen
82%
Gelsenkirchen Veltins-Arena
81%
Dortmund Dortmunder U
79%
Bottrop Tetraeder
68%
Oberhausen Centro
65%
Bochum Bermudadreieck
61%
Essen Villa Hügel
60%
Herne Cranger Kirmes
52%
Bochum Deutsches Bergbaumuseum
46%
Duisburg Landschaftspark Nord
42%
Bottrop Movie Park
40%
Duisburg Magic Mountain
29%
Essen Essener Dom
28%
Herten Schloss Herten
28%
Gelsenkirchen Nordsternpark
21%
Hamm Glaselefant
19%
Hagen Schloss Hohenlimburg
4%
Wetter Hakortturm
2%
Keine übereinstimmenden Quizze gefunden
Verteilung der Resultate
Anzahl Personen mit jedem Resultat
Perzentil nach korrekt beantworteten Fragen
Ihre Resultats-Entwicklung
Sie haben dieses Quiz noch nicht gespielt